[Event "DSOL 07 Liga Gr-C 1st"]
[Site "Playchess.com INT"]
[Date "2020.08.07"]
[Round "7.2"]
[White "Bender, Finn"]
[Black "Sallwey, Rainer"]
[Result "0-1"]
[WhiteElo "1490"]
[BlackElo "1287"]
[PlyCount "106"]
[EventDate "2020.06.22"]
[EventType "team-tourn (rapid)"]
[EventCountry "GER"]
[SourceTitle "EXT 2021"]
[Source "ChessBase"]
[SourceDate "2020.10.23"]
[SourceVersion "1"]
[SourceVersionDate "2020.10.23"]
[SourceQuality "1"]
[WhiteTeam "Bickenbach II"]
[BlackTeam "Langen II"]
[WhiteTeamCountry "GER"]
[BlackTeamCountry "GER"]

1. e4 d5 2. exd5 Qxd5 3. Nc3 Qd6 4. Nf3 Nf6 5. d4 a6 6. Ne5 Nc6 7. Nxc6 Qxc6 8. Bf4 Bf5 9. d5 Qd7 10. Bd3 Bxd3 11. Qxd3 0-0-0 12. Rd1 e6 13. Bg5 Be7 14. Qe3 Nxd5 15. Qa7 c6 16. Bxe7 Qxe7 17. Ne4 Qb4+ 18. c3 Qxe4+ 19. Kf1 Qe5 20. Kg1 Qb8 21. Qc5 Qd6 22. Qa5 Qc7 23. Qa3 Kb8 24. g3 Nf6 25. Kg2 Rd5 26. b4 Rhd8 27. Rb1 Rd2 28. c4 Qe5 29. Rhe1 Qd4 30. Qf3 Qxc4 31. a4 Qd5 32. b5 Qxf3+ 33. Kxf3 axb5 34. axb5 cxb5 35. Rxb5 R8d7 36. Rc1 R7d3+ 37. Kg2 Rd7 38. Rbc5 Rd8 39. Rb5 Ne4 40. Kf3 Nd6 41. Rb4 g6 42. Ra4 Nf5 43. Rb4 R2d3+ 44. Kg2 Rd2 45. Rcb1 R8d7 46. h4 h5 47. Rc1 Ne3+ 48. Kf3 Nd5 49. Rbc4 Rd8 50. Ke4 Rxf2 51. Rc5 Re2+ 52. Kf3 Rb2 53. g4 Rb3+ 0-1

[Event "Heusenstamm Sparkassen op-B 6th"]
[Site "Heusenstamm"]
[Date "2019.11.24"]
[Round "7"]
[White "Sallwey, Rainer"]
[Black "Laux, Filip"]
[Result "1/2-1/2"]
[WhiteElo "1416"]
[BlackElo "1129"]
[PlyCount "73"]
[EventDate "2019.11.21"]
[EventType "swiss"]
[EventRounds "7"]
[EventCountry "GER"]
[SourceTitle "CBM 194 Extra"]
[Source "ChessBase"]
[SourceDate "2020.03.31"]
[SourceVersion "1"]
[SourceVersionDate "2020.03.31"]
[SourceQuality "1"]

1. d4 d5 2. Bf4 Nf6 3. e3 e6 4. Nf3 Be7 5. Bd3 Nbd7 6. Ne5 0-0 7. 0-0 Nh5 8. Qxh5 Nf6 9. Qd1 Re8 10. c3 c5 11. dxc5 Bxc5 12. Bg3 Bd7 13. Nd2 Rc8 14. Nb3 Bb6 15. Qe2 a6 16. Bh4 Bc7 17. Nxd7 Qxd7 18. Bxf6 gxf6 19. g3 e5 20. Qh5 e4 21. Be2 Re5 22. Qh6 Qd6 23. Nd4 Rg5 24. Qh3 Re8 25. c4 Bb6 26. Nf5 Qe5 27. Nd4 dxc4 28. Bxc4 Bxd4 29. exd4 Qxd4 30. Bb3 Kg7 31. Rad1 Qc5 32. Qd7 Re7 33. Qd4 Qc6 34. Qe3 h5 35. h4 Rg4 36. Kh2 Qc7 37. Rc1 1/2-1/2

[Event "GER OS-288 email"]
[Site "GER email"]
[Date "2016.03.12"]
[Round "?"]
[White "Zordick, Milon"]
[Black "Sallwey, Rainer"]
[Result "1-0"]
[WhiteElo "1834"]
[BlackElo "1731"]
[PlyCount "49"]
[EventDate "2016.03.18"]
[EventType "tourn (corr)"]
[EventRounds "6"]
[EventCountry "GER"]
[SourceTitle "Corr 2020"]
[Source "ChessBase"]
[SourceDate "2019.09.30"]
[SourceVersion "1"]
[SourceVersionDate "2019.09.30"]
[SourceQuality "1"]

1. c4 Nf6 2. d4 c5 3. d5 d6 4. Nc3 g6 5. e4 Bg7 6. Nf3 0-0 7. h3 Nbd7 8. a4 a6 9. a5 Nh5 10. Be2 b6 11. axb6 Nxb6 12. 0-0 e6 13. Bg5 Qc7 14. Nh4 Nf6 15. Re1 Re8 16. Qd2 Bb7 17. Bh6 Bxh6 18. Qxh6 Nbd7 19. f4 exd5 20. exd5 Qb6 21. f5 Nf8 22. Rf1 Qd8 23. Bd3 Bc8 24. Rf3 Nh5 25. fxg6 1-0

[Event "Wiesbaden op 26th"]
[Site "Wiesbaden"]
[Date "2014.08.31"]
[Round "6"]
[White "Sallwey, Rainer"]
[Black "Traut, Stefan"]
[Result "1/2-1/2"]
[WhiteElo "1411"]
[BlackElo "1759"]
[PlyCount "116"]
[EventDate "2014.08.28"]
[EventType "swiss"]
[EventRounds "7"]
[EventCountry "GER"]
[SourceTitle "CBM 162 Extra"]
[Source "ChessBase"]
[SourceDate "2014.10.17"]
[SourceVersion "1"]
[SourceVersionDate "2014.10.17"]
[SourceQuality "1"]

1. Nf3 Nf6 2. d4 c5 3. c3 cxd4 4. cxd4 g6 5. Nc3 Bg7 6. e3 0-0 7. Be2 d6 8. 0-0 Nbd7 9. h3 b6 10. e4 Bb7 11. d5 a6 12. Nd4 Rc8 13. f3 b5 14. a3 Ne5 15. Rb1 Rc7 16. f4 Ned7 17. Bf3 Qa8 18. Re1 Rfc8 19. Be3 Qb8 20. Rc1 Ba8 21. Nce2 Rxc1 22. Bxc1 b4 23. axb4 Qxb4 24. Qd2 Qxd2 25. Bxd2 Nc5 26. Nc3 Nfd7 27. Be3 Nd3 28. Rb1 Kf8 29. Kf1 Nb4 30. Ke2 Rc4 31. Rd1 Ke8 32. Kf2 Bb7 33. Be2 Rc8 34. Rc1 Nc5 35. Kf3 Nbd3 36. Bxd3 Nxd3 37. Rb1 Rc4 38. Nde2 Nc5 39. Rd1 Nb3 40. g4 Kd7 41. Bb6 Rb4 42. Bf2 Na5 43. Rd2 Nc4 44. Rc2 Rxb2 45. Rxb2 Nxb2 46. Bb6 Nc4 47. Bd4 Bxd4 48. Nxd4 Kc7 49. Na4 Nb6 50. Nc3 Nd7 51. Na4 Nc5 52. Nc3 Kb6 53. Nc2 a5 54. Ke3 a4 55. Kd4 Ba6 56. Nb4 Bb7 57. Nc2 Ba6 58. Nb4 Bb7 1/2-1/2

[Event "GER-chT10 KJ-32 Br04 email"]
[Site "GER email"]
[Date "2013.10.04"]
[Round "?"]
[White "Haubner, Markus"]
[Black "Sallwey, Rainer"]
[Result "1-0"]
[WhiteElo "2161"]
[BlackElo "1735"]
[PlyCount "79"]
[EventDate "2013.10.15"]
[EventType "tourn (corr)"]
[EventRounds "4"]
[EventCountry "GER"]
[SourceTitle "Corr 2015"]
[Source "ChessBase"]
[SourceDate "2015.07.17"]
[SourceVersion "1"]
[SourceVersionDate "2015.07.17"]
[SourceQuality "1"]

1. d4 d5 2. c4 c6 3. Nf3 Nf6 4. Nc3 a6 5. a4 e6 6. Bg5 Be7 7. e3 h6 8. Bh4 0-0 9. Be2 a5 10. 0-0 Na6 11. Qb3 Nb4 12. Rac1 b6 13. cxd5 cxd5 14. Bb5 Bb7 15. Ne5 Qd6 16. Bg3 Qd8 17. f3 Nh5 18. Bf2 Nf6 19. Na2 Nxa2 20. Qxa2 Rc8 21. Qb1 Rxc1 22. Rxc1 Qa8 23. g4 Bd6 24. Bg3 Rc8 25. Rc2 Rxc2 26. Qxc2 Qf8 27. Kg2 Qe7 28. h4 Nh7 29. Kh3 Nf8 30. f4 Nh7 31. g5 hxg5 32. fxg5 Nf8 33. Ng4 Bxg3 34. Kxg3 Qd6+ 35. Kh3 Ng6 36. h5 Ne7 37. Bd3 Qc6 38. Qh2 Bc8 39. Qe5 Qb7 40. h6 1-0

[Event "GER-chT10 KJ-32 Br04 email"]
[Site "GER email"]
[Date "2013.10.04"]
[Round "?"]
[White "Sallwey, Rainer"]
[Black "Krabbe, Wolf Dieter"]
[Result "0-1"]
[WhiteElo "1735"]
[BlackElo "2100"]
[PlyCount "84"]
[EventDate "2013.10.15"]
[EventType "tourn (corr)"]
[EventRounds "4"]
[EventCountry "GER"]
[SourceTitle "Corr 2015"]
[Source "ChessBase"]
[SourceDate "2015.07.17"]
[SourceVersion "1"]
[SourceVersionDate "2015.07.17"]
[SourceQuality "1"]

1. e4 c5 2. Nf3 d6 3. d4 cxd4 4. Nxd4 Nf6 5. Nc3 a6 6. Be2 e5 7. Nb3 Be7 8. Bg5 0-0 9. 0-0 Be6 10. Be3 Nbd7 11. f4 Qc7 12. f5 Bc4 13. Bxc4 Qxc4 14. Qf3 b5 15. a3 a5 16. Nd2 Qc6 17. Rfc1 Rfc8 18. g4 b4 19. axb4 axb4 20. Rxa8 Qxa8 21. Nd5 Nxd5 22. exd5 Nf6 23. Ne4 Nxd5 24. Bd2 Qa2 25. Qb3 Qxb3 26. cxb3 Rxc1+ 27. Bxc1 Nc7 28. g5 d5 29. Ng3 f6 30. h4 Bc5+ 31. Kf1 Kf7 32. Ke1 Nb5 33. Ne2 Nd6 34. Ng3 Nb7 35. h5 fxg5 36. Bxg5 Na5 37. Nf1 Nxb3 38. Kd1 e4 39. Kc2 Nd4+ 40. Kd1 Nxf5 41. Kd2 Ke6 42. Kc2 d4 0-1

[Event "GER OS-215 email"]
[Site "GER email"]
[Date "2013.04.08"]
[Round "?"]
[White "Sallwey, Rainer"]
[Black "Schatz, Dieter"]
[Result "1/2-1/2"]
[WhiteElo "1795"]
[BlackElo "1719"]
[PlyCount "54"]
[EventDate "2013.04.15"]
[EventType "tourn (corr)"]
[EventRounds "6"]
[EventCountry "GER"]
[SourceTitle "Corr 2015"]
[Source "ChessBase"]
[SourceDate "2015.07.17"]
[SourceVersion "1"]
[SourceVersionDate "2015.07.17"]
[SourceQuality "1"]

1. Nf3 d5 2. d4 Nf6 3. c4 dxc4 4. Nc3 c5 5. e3 e6 6. Bxc4 a6 7. a4 Nc6 8. 0-0 Be7 9. dxc5 Qxd1 10. Rxd1 Bxc5 11. Bd2 0-0 12. a5 Bd7 13. Na4 Ba7 14. Nb6 Bxb6 15. axb6 Rfd8 16. Bc3 Be8 17. Ne5 Rac8 18. Bb3 Nxe5 19. Bxe5 Nd5 20. Bxd5 Rxd5 21. Rxd5 exd5 22. Bc7 f6 23. Rd1 Bc6 24. Rc1 Ba4 25. Kf1 Kf7 26. Ke1 Ke6 27. f3 Bb5 1/2-1/2